Cosecha y poscosecha de peras y manzanas en los valles irrigados de la Patagonia /

Guardado en:
Autor Principal: Benítez, Celia E.
Autor Corporativo: Instituto Nacional de Tecnología Agropecuaria (Argentina). Centro Regional Patagonia Norte. Estación Experimental Agropecuaria Alto Valle.
Formato: Libro
Idioma:Spanish
Publicado: General Roca : EEA INTA Alto Valle, 2001.
Acceso en línea:Acceso a texto completo
Etiquetas: Agregar Etiqueta
Sin Etiquetas, Sea el primero en etiquetar este registro!
LEADER 00860nam a22001815a 4500
001 EEA.libagro007759
008 130809s2001####ag#a##########000#0#spa#d
005 20200404174645.0
245 1 0 |a Cosecha y poscosecha de peras y manzanas en los valles irrigados de la Patagonia /  |c Celia E. Benítez. 
260 |a General Roca :  |b EEA INTA Alto Valle,  |c 2001. 
300 |a 126 p. :  |b il., fot. col. ;  |c 24 cm. 
530 |a Disponible también en línea. 
020 |a 9875210331 
100 1 |a Benítez, Celia E. 
710 2 |a Instituto Nacional de Tecnología Agropecuaria (Argentina).  |b Centro Regional Patagonia Norte.  |b Estación Experimental Agropecuaria Alto Valle. 
082 0 4 |a 634.1 
856 |3 Acceso a texto completo  |u http://inta.gob.ar/sites/default/files/script-tmp-cosecha%5Fposcosecha%5Fperas%5Fmanzanas.pdf 
859 |a AR-BbBCA  |b BIB. AGRONOMIA  |h 634.1  |i B467-1  |p 2007/5148